| Tag |
First Indicator |
Second Indicator |
Subfields |
| LEADER |
00000cam a2200000 a 4500 |
| 001 |
in00000088478 |
| 005 |
20151008065059.0 |
| 008 |
800930s1980 azua 00010 eng d |
| 020 |
|
|
|a 0866800115
|
| 035 |
|
|
|a (OCoLC)06771874
|
| 035 |
|
|
|9 AAK5317AM
|
| 040 |
|
|
|a DGW
|c DGW
|d TXA
|d UtOrBLW
|
| 049 |
|
|
|a [Curr Col] TXAM
|c [444304]
|
| 090 |
|
|
|a TJ810
|b .V54
|
| 100 |
1 |
|
|a Villalpando, Eleanor.
|
| 245 |
1 |
0 |
|a Solar power activities /
|c written by Eleanor Villalpando, Beverly S. McNamara ; illustrated by Eleanor Villalpando.
|
| 264 |
|
1 |
|a Phoenix, Ariz. :
|b Think Ink Publications,
|c [1980]
|
| 264 |
|
4 |
|c ©1980
|
| 300 |
|
|
|a 83 pages :
|b illustrations ;
|c 28 cm.
|
| 336 |
|
|
|a text
|b txt
|2 rdacontent
|
| 337 |
|
|
|a unmediated
|b n
|2 rdamedia
|
| 338 |
|
|
|a volume
|b nc
|2 rdacarrier
|
| 650 |
|
0 |
|a Solar energy
|x Experiments
|x Juvenile literature.
|
| 700 |
1 |
|
|a McNamara, Beverly S.
|
| 999 |
|
|
|a MARS
|
| 999 |
f |
f |
|s ea559fae-00fd-3b53-be42-314462a7c67b
|i 253dbe1c-83bb-35af-8a9e-9c60c0e02708
|t 0
|
| 952 |
f |
f |
|p normal
|a Texas A&M University
|b College Station
|c Sterling C. Evans Library
|d Evans: Curriculum Collection (4th floor)
|t 0
|e TJ810 .V54
|h Library of Congress classification
|i unmediated -- volume
|m A14806056331
|
| 998 |
f |
f |
|a TJ810 .V54
|t 0
|l Evans: Curriculum Collection (4th floor)
|